Les 18 séries Netflix les plus populaires en France - Statistiques

Statistiques générales
  • Ce quiz a été pris 7 414 fois
  • Le résultat moyen est 3 sur 18
Statistiques - réponses
Classement Nom de la série % Correct
1er La Casa de papel
82%
2ème Stranger Things
69%
5ème 13 Reasons Why
24%
3ème Orange is the New Black
19%
6ème Narcos
18%
13ème The Crown
13%
4ème Black Mirror
11%
18ème House of Cards
5%
10ème Marvel's Daredevil
4%
7ème Sense8
4%
15ème Marvel's Luke Cage
3%
16ème Les Nouvelles aventures de Sabrina
2%
12ème The Last Kingdom
2%
17ème Altered Carbon
1%
14ème Marvel's Jessica Jones
1%
8ème The Haunting of Hill House
1%
9ème Titans
1%
11ème Star Trek : Discovery
0%
Aucun quiz correspondant
Distribution des résultats
% des personnes avec chaque résultat
Percentile par nombre de réponses
Votre historique - résultats
Vous n’avez pas pris ce quiz